000 00477nam a2200181Ia 4500
005 20250423094232.0
008 250422s9999 xx 000 0 und d
020 _a9789350140321
050 _aTK 5105.5 .S53/
100 _aSharma, Sanjay.
245 2 _aA course in computer networks: principles, technologies and protocols.
260 _aNew Delhi
260 _bS.K. Kataria & Sons
260 _c2013
300 _a702 p
650 _aComputer networks.
942 _cBK
999 _c26664
_d26664